Central Library OPAC University of Rajshahi

Business research for decision making / (Record no. 15883)

MARC details
000 -LEADER
fixed length control field 00852cam a2200277 a 4500
001 - CONTROL NUMBER
control field 15883
003 - CONTROL NUMBER IDENTIFIER
rucl marc code BD-RjUL
005 - DATE AND TIME OF LATEST TRANSACTION
control field 20211208235914.0
008 - FIXED-LENGTH DATA ELEMENTS--GENERAL INFORMATION
fixed length control field 140211s1985 maua b 001 0 eng
020 ## - INTERNATIONAL STANDARD BOOK NUMBER
International Standard Book Number 0534041078
035 ## - SYSTEM CONTROL NUMBER
System control number (BD-RjUL)15938
040 ## - CATALOGING SOURCE
Original cataloging agency DLC
Transcribing agency DLC
Modifying agency DLC
-- BD-RjUL
Language of cataloging eng
041 ## - LANGUAGE CODE
Language code of text/sound track or separate title eng
082 00 - DEWEY DECIMAL CLASSIFICATION NUMBER
Classification number 658.4030072
Edition number 19
Author mark and year DAB
100 1# - MAIN ENTRY--PERSONAL NAME
Personal name Davis, Duane,
Dates associated with a name 1950-
9 (RLIN) 49250
245 10 - TITLE STATEMENT
Title Business research for decision making /
Statement of responsibility, etc. Duane Davis, Robert M. Cosenza.
260 ## - PUBLICATION, DISTRIBUTION, ETC. (IMPRINT)
Place of publication, distribution, etc. Boston, Mass. :
Name of publisher, distributor, etc. Kent Pub. Co.,
Date of publication, distribution, etc. c1985.
300 ## - PHYSICAL DESCRIPTION
Pagination xiii, 561 p. :
Illustrations ill. ;
Size 24 cm.
504 ## - BIBLIOGRAPHY, ETC. NOTE
Bibliography, etc Includes bibliographies and index.
650 #0 - SUBJECT ADDED ENTRY--TOPICAL TERM
Topical term or geographic name as entry element Industrial management
General subdivision Research.
9 (RLIN) 46163
Topical term or geographic name as entry element Decision making.
9 (RLIN) 49251
700 1# - ADDED ENTRY--PERSONAL NAME
Personal name Cosenza, Robert M.,
Dates associated with a name 1947-
942 ## - ADDED ENTRY ELEMENTS (KOHA)
Source of classification or shelving scheme Dewey Decimal Classification
Koha item type Books
Holdings
Lost status Source of classification or shelving scheme Damaged status Not for loan Collection code Permanent Location Current Location Shelving location Date acquired Source of acquisition Cost, normal purchase price Total Checkouts Full call number Date last seen Copy number Koha item type
  Dewey Decimal Classification   Not For Loan Non-fiction Central Library, University of Rajshahi Central Library, University of Rajshahi Reading Room 20/12/1990 Asia Foundation. 0.00   658.4030072 DAB 1985 11/02/2014 C-1 Books